000 01207nam a2200253 i 4500
001 160413
003 ES-MaACL
005 20230906212028.0
008 950206m19011906sp a |||| | spa d
040 _aGA
_bspa
_cCCPB | PA2
100 1 _aMurguía, Manuel.
_984577
245 1 0 _aHistoria de Galicia /
_cpor Manuel Murguía.
250 _a2ª ed.
260 _aLa Coruña :
_bLibreria de don Eugenio Carré,
_c1901-1906 (
_fFotogb. e Imp. de V. de Ferrer e Hijo)
300 _a2 v. (XXXIII, 702, [8] h. de lám. ; 688, [7] h. de lám., [1] h. pleg. :
_bil. ;
_c23 cm.
530 _aDisponible tambien en sitio web.
594 1 _aEn las ports.: Impresa a costa de "El Centro Gallego" de La Habana.
596 1 _aPie de imp. de t. II : Fotogb. e Imp. de Pedro Ferrer, 1905.
651 4 _aGalicia-
_xHistoria.
_98728
710 2 _aCentro Gallego de La Habana.
_9134238
852 _aES-MaACL
_jG-8490-91
_z-- Enc. hol.
856 _uhttp://bibliotecadigitalhispanica.bne.es:80/webclient/DeliveryManager?pid=3787066&custom_att_2=simple_viewer
_zIr a la página
856 _uhttp://bibliotecadigitalhispanica.bne.es:80/webclient/DeliveryManager?pid=3787067&custom_att_2=simple_viewer
_zIr a la página
999 _c160413
_d160413